Longest-Serving Members of the Chinese Politburo Standing Committee - Statistics

General Stats
  • This quiz has been taken 4 times
  • The average score is 11 of 14
Answer Stats
Years Days Answer % Correct
24 209 Deng Xiaoping
100%
20 27 Hu Jintao
100%
41 236 Mao Zedong
100%
*17 260 Xi Jinping
100%
41 317 Zhou Enlai
100%
34 124 Chen Yun
75%
13 151 Jiang Zemin
75%
13 108 Lin Biao
75%
15 20 Li Peng
75%
25 225 Liu Shaoqi
75%
27 288 Zhu De
50%
14 227 Kang Sheng
50%
15 1 Li Keqiang
50%
*13 151 Li Ruihuan
50%
No matching quizzes found
Score Distribution
Percent of People with Each Score
Percentile by Number Answered
Your Score History
You have not taken this quiz